| 000 | 00645nam a2200253 a 4500 | ||
|---|---|---|---|
| 001 | 32658 | ||
| 003 | AR-BaAGN | ||
| 005 | 20231116150550.0 | ||
| 007 | ta | ||
| 008 | 220625s2004 xx |||||r|||| ||||||spa d | ||
| 020 | _a987-21296-7-3 | ||
| 040 |
_dAR-BaAGN _aAR-BaAGN _bspa _eaacr |
||
| 100 | 1 | _aLevy, Benjamín | |
| 245 | 1 | 0 |
_aBenjamín Levy : _bworks on paper |
| 250 | _a1ª ed. | ||
| 260 |
_a[Lugar de publicación no identificado] : _bOksbooks, _c2004. |
||
| 300 | _a288 páginas | ||
| 336 |
_2rdacontent _btxt |
||
| 337 |
_2rdamedia _bn |
||
| 338 |
_2rdacarrier _bnc |
||
| 942 | _cLIBRO | ||
| 999 |
_c32658 _d32658 |
||